<?xml version="1.0" encoding="UTF-8"?>
<collection xmlns="http://www.loc.gov/MARC21/slim">
  <record>
    <leader>00000nam  2200000   4500</leader>
    <controlfield tag="001">INLIS000000000060505</controlfield>
    <controlfield tag="005">20220214023154</controlfield>
    <datafield tag="035" ind1="#" ind2="#">
      <subfield code="a">0010-0222000059</subfield>
    </datafield>
    <controlfield tag="007">ta</controlfield>
    <controlfield tag="008">220214###########################0#ind##</controlfield>
    <datafield tag="020" ind1="#" ind2="#">
      <subfield code="a">tidak Teridentifikasi</subfield>
    </datafield>
    <datafield tag="082" ind1="#" ind2="#">
      <subfield code="a">R.351.702 6</subfield>
    </datafield>
    <datafield tag="084" ind1="#" ind2="#">
      <subfield code="a">R.351.702 6 Ind p</subfield>
    </datafield>
    <datafield tag="245" ind1="#" ind2="#">
      <subfield code="a">Peraturan Menteri Dalam Negeri No. 137 Th 2017 Ttg Kode dan Data wilayah administrasi Pemerintahan /</subfield>
      <subfield code="c">Indonesia</subfield>
    </datafield>
    <datafield tag="300" ind1="#" ind2="#">
      <subfield code="a">236 halaman :</subfield>
      <subfield code="b">ilustrasi ;</subfield>
      <subfield code="c">20 cm</subfield>
    </datafield>
    <datafield tag="650" ind1="#" ind2="4">
      <subfield code="a">Administrasi Pemerintah - Undang2 dan Peraturan</subfield>
    </datafield>
    <datafield tag="264" ind1="#" ind2="#">
      <subfield code="a">Jakarta :</subfield>
      <subfield code="b">Direktorat Jenderal Bina Administrasi Kewilayahan,</subfield>
      <subfield code="c">Tidak teridentifikasi</subfield>
    </datafield>
    <datafield tag="336" ind1="#" ind2="#">
      <subfield code="a">teks</subfield>
      <subfield code="2">rdacontent</subfield>
    </datafield>
    <datafield tag="337" ind1="#" ind2="#">
      <subfield code="a">lain-lain</subfield>
      <subfield code="2">rdamedia</subfield>
    </datafield>
    <datafield tag="338" ind1="#" ind2="#">
      <subfield code="a">lain-lain</subfield>
      <subfield code="2">rdacarrier</subfield>
    </datafield>
    <datafield tag="990" ind1="#" ind2="#">
      <subfield code="a">05730573</subfield>
    </datafield>
  </record>
</collection>
